| 000 | 00377nam a2200133Ia 4500 | ||
|---|---|---|---|
| 008 | 221030s9999 xx 000 0 und d | ||
| 041 | _aEnglish | ||
| 100 | _aAICTE | ||
| 245 | 0 |
_aModel Curriculum For Undergraduate Programme B. E. / B. Tech. in Computer Science & Engineering _cby AICTE |
|
| 260 |
_bAICTE _aNew Delhi _c2000 |
||
| 300 | _a43 | ||
| 650 | _aGeneral | ||
| 942 | _cBK | ||
| 999 |
_c14867 _d14867 |
||